000 00601nam a2200193Ia 4500
003 GCL
008 140319s9999 xx 000 0 ara d
040 _aGCL /
_cGCL
082 0 4 _a416
_bم ص
100 1 _aمحمد حسن عبدالله
245 1 0 _aالصورة والبناء الشعرى /
_cمحمد حسن عبدالله
260 _a[S.N] :
_bدار المعارف ،
_c1981
300 _a271 ص
490 _aمكتبة الدراسات الادبية
_v0
650 0 4 _aالشعر العربى
650 0 4 _aالادب العربى
650 0 4 _aتاريخ ونقد
942 _2ddc
_cBK
999 _c55344
_d55344